000 00340nam a2200133Ia 4500
005 20260328101443.0
008 260328s9999||||xx |||||||||||||| ||und||
100 _aDietsch, Deborah K.
245 0 _aArchitecture for Dummies /
_cDeborah K. Dietsch
260 _bWiley
300 _a308 p.
650 _aARQUITECTURA - ELEMENTOS
942 _cBK
999 _c8340
_d8340